Statistiques concernant Les communes de Le Mans Métropole

Cliquez ici pour prendre le quiz!

Statistiques générales

  • Ce quiz a été pris 58 fois
  • Le résultat moyen est 8 sur 20

Statistiques - réponses

Réponse% Correct
Allonnes
79%
Coulaines
79%
Arnage
62%
Yvré-l'Évêque
60%
Le Mans
55%
La Chapelle-Saint-Aubin
53%
Ruaudin
51%
Mulsanne
49%
Saint-Saturnin
49%
Sargé-lès-le-Mans
49%
Rouillon
43%
Champagné
36%
Aigné
30%
La Milesse
26%
Pruillé-le-Chétif
26%
Trangé
26%
Fatines
21%
Fay
19%
Saint-Georges-du-Bois
17%
Chaufour-Notre-Dame
15%

Distribution des résultats

Percentile par nombre de réponses

% des personnes avec chaque résultat

Votre développement - résultats

Vous n’avez pas pris ce quiz